Normal view MARC view

Entry Personal Name

Number of records used in: 1

001 - CONTROL NUMBER

  • control field: 680989

003 - CONTROL NUMBER IDENTIFIER

  • control field: OSt

005 - DATE AND TIME OF LATEST TRANSACTION

  • control field: 20221006170041.0

008 - FIXED-LENGTH DATA ELEMENTS

  • fixed length control field: 221006|| aca||aabn | a|a d

040 ## - CATALOGING SOURCE

  • Original cataloging agency: OSt
  • Transcribing agency: OSt

100 ## - HEADING--PERSONAL NAME

  • Personal name: Rabindra Bharatiya University. Faculty of Music and Fine Arts. Department of Music

670 ## - SOURCE DATA FOUND

  • Source citation: Work cat.: (OSt)1122845: Bandopadhyaya Neehar Ranjan Au. 680987, Hindustani Shashtriya Sangeet Main Vishnupur Gharane Ka Yogdan, 2002
Copyright @ Delhi University Library System